LEADER 01090nam a2200241 i 4500 001 000000181795 003 CaOOAMICUS 005 20090922000000.0 008 090922s1960 it u000 u syr u 013 $a159712 040 $aSeMil$bita 100 1 $aConnolly, R. Hugh.$0(OLS)http://semarc/name/9859 245 10$aTextus series secunda, tomus 92. 300 $a1 v. 490 0 $aCorpus Scriptorum Christianorum Orientalium ;$v72. Scriptores Syri ; 29 490 0 $aCorpus Scriptorum Christianorum Orientalium. Scriptores Syri ;$v29 773 0 $aConnolly, R. Hugh$tExpositio officiorum Ecclesiae.$dLouvain : CorpusSCO, [196?]$g2$w()22050 830 0$aCorpus Scriptorum Christianorum Orientalium ;$v72. Scriptores Syri ; 29.$0(OLS)http://semarc/title/77 830 0$aCorpus Scriptorum Christianorum Orientalium. Scriptores Syri ;$v29.$0(OLS)http://semarc/title/9544 850 $aSeMil 852 $aSeMil$W1$xVenegono$y1$m2S III 72$j132499$B132499$CSeMilBibl$Z2$F144361 $81 961 $aOmaggio: Altro 996 $6245$aTextus series secunda, tomus 92$9(OLS)http://semarc/title/260910 LEADER 02019nam a2200373 i 4500 001 000000256100 003 CaOOAMICUS 005 20220623141546.0 008 171108s2017 it u000 u ita u 013 $a235008 020 $a978-88-311-9857-8 040 $aSeMil$bita 041 1 $aita$alat 100 0 $aHieronymus,$c.$0(OLS)http://semarc/name/471 245 10$a2: Commenti ai profeti Sofonia, Aggeo, Abacuc e Giona /$cGirolamo ; a cura di M. T. Messina. 246 01$aHieronymi Commentarii in prophetas Sophoniam, Aggaeum, Abacuc et Ionam 264 1$aRoma :$bCittà Nuova,$c2017. 300 $a405 p. ;$c24 cm. 650 4$aBibbia. Antico Testamento. Sofonia - Commentari, studi, critica, interpretazioni.$0(OLS)http://semarc/subject/13581 650 4$aBibbia. Antico Testamento. Abacuc - Commentari, studi, critica, interpretazioni.$0(OLS)http://semarc/subject/23209 650 4$aBibbia. Antico Testamento. Aggeo - Commentari, studi, critica, interpretazioni.$0(OLS)http://semarc/subject/1409 650 4$aBibbia. Antico Testamento. Giona - Commentari, studi, critica, interpretazioni.$0(OLS)http://semarc/subject/3616 700 1 $aMessina, Marco Tullio <1970- >.$0(OLS)http://semarc/name/61667 773 0 $aHieronymus $t8: Commenti ai profeti minori.$dRoma : Città Nuova, 2017-2021.$g2$w()4431 850 $aSeMil 852 $aSeMil$W1$xVenegono$y1$mSL1.U V 58/2$j206446$B206446$CSeMilBibl$Z2$F219794 $8I 900 0 $aGirolamo$c. 961 $aSottoscrizione: Città Nuova (Agente) 996 $6020$a978-88-311-9857-8$9(OLS)http://semarc/number/280307 996 $6245$a2: Commenti ai profeti Sofonia, Aggeo, Abacuc e Giona$9(OLS)http://semarc/title/412099 996 $6246$aHieronymi Commentarii in prophetas Sophoniam, Aggaeum, Abacuc et Ionam$9(OLS)http://semarc/title/440443 996 $6264$aRoma :$bCittà Nuova$9(OLS)http://semarc/publisher/29609